000 01245nam a22004097a 4500
001 BR2023000332
003 BR-BrBNA
005 20230503144631.0
008 230503b bl.||||| |||| 00| 0 por d
040 _aBR-BrBNA
_bpor
041 _apor
072 _aH01 ; L70 ; C10
090 _aH01 BR2023000332
100 _aMoreira, Patrícia Almeida Barroso
110 _aCompanhia Integrada de Desenvolvimento Agrícola de Santa Catarina, Florianópolis (Brazil)
245 _aSanitarista júnior em defesa da agropecuária
_bConvênio Mapa/SFA/SC/CIDASC - n. 794620/2013
260 _aFlorianópolis, SC (Brazil)
_c2014
300 _a143 p.
500 _a9 ref.; 189 illus.
650 _aDEFESA VEGETAL
650 _aPROTEÇÃO DE PLANTA
650 _aDEFESA ANIMAL
650 _aPROTEÇÃO DE ANIMAL
650 _aEDUCAÇÃO AGRÍCOLA
650 _aEDUCAÇÃO AMBIENTAL
650 _aEDUCAÇÃO SANITÁRIA
650 _aDOENÇA ANIMAL
650 _aDOENÇA DE PLANTA
650 _aSEGURANÇA ALIMENTAR
650 _aBEM-ESTAR
650 _aECOLOGIA ANIMAL
650 _aAGRICULTURA ORGÂNICA
650 _aPRESERVAÇÃO DA NATUREZA
650 _aSAÚDE PÚBLICA
909 _a202305
_bFernando Magalhães
_c63
_dFernando Magalhães
942 _cBK
999 _c9026
_d9026